| 000 | 01186nas a22001817a 4500 | ||
|---|---|---|---|
| 999 |
_c121102 _d121102 |
||
| 001 | K121102 | ||
| 007 | ta | ||
| 008 | 190823b2019 ||||| |||| 00| 0 eng d | ||
| 041 | _aeng | ||
| 100 | _aRosser, Emma | ||
| 245 | _aRedrawing the blueprint | ||
| 490 |
_aEstates Gazette _v(1931) 3 August 2019 34-37 |
||
| 520 | _aFeatures an Interview with Stephen Kinsella Homes England’s Chief Land and Development Officer. Discusses the agency’s expansion plans to deliver 10,000 homes a year. Homes England is currently undergoing a restructure based around 3 divisions, these being development, investment and Markets, Partners and Places which will liaise with stakeholders such as local authorities with a new national centre based in Coventry. The agency’s vast land bank will free sites up for new housing and it will continue to make land obtained from government departments such as the Ministry of Defence (MoD) available. The development arm is planning a recruitment campaign to attract 150 land and development professionals including director-level roles. | ||
| 650 | _aHomes England | ||
| 650 | _aLand bank | ||
| 651 | _aEngland | ||
| 690 |
_96259 _aPlanning and development |
||